Municipalities of Jefferson County, Wisconsin - Statistics

General Stats
  • This quiz has been taken 102 times
  • The average score is 16 of 33
Answers on the Map
Answers color-coded by a green-red scale on the quiz's map according to % correct below.
 
Answer Stats
Answer % Correct
City of Jefferson
100%
Town of Jefferson
100%
City of Watertown
92%
Town of Watertown
92%
City of Fort Atkinson
83%
Village of Johnson Creek
83%
City of Lake Mills
75%
City of Whitewater
75%
Town of Lake Mills
75%
City of Waterloo
67%
Town of Waterloo
67%
Village of Cambridge
67%
Census Designated Place of Ixonia
58%
Town of Ixonia
58%
Town of Palmyra
58%
Village of Palmyra
58%
Census Designated Place of Lake Koshkonong
50%
Census Designated Place of Rome
50%
Town of Koshkonong
50%
Town of Aztalan
33%
Town of Concord
33%
Census Designated Place of Helenville
25%
Census Designated Place of Lake Ripley
25%
Town of Cold Spring
25%
Town of Farmington
25%
Town of Sullivan
25%
Village of Lac La Belle
25%
Village of Sullivan
25%
Town of Milford
17%
Census Designated Place of Hebron
8%
Town of Hebron
8%
Town of Oakland
0%
Town of Sumner
0%
No matching quizzes found
Score Distribution
Percent of People with Each Score
Percentile by Number Answered
Your Score History
You have not taken this quiz